La discipline en classe. Modèles, doctrines et conduites. (Record no. 2708)
[ view plain ]
| 000 -LEADER | |
|---|---|
| fixed length control field | 01794nam a2200277 4500 |
| 008 - FIXED-LENGTH DATA ELEMENTS--GENERAL INFORMATION | |
| fixed length control field | s2005 be fre u |
| 020 ## - INTERNATIONAL STANDARD BOOK NUMBER | |
| International Standard Book Number | 9782804146047 |
| 040 ## - CATALOGING SOURCE | |
| Original cataloging agency | LB-BrCRDP |
| 082 1# - DEWEY DECIMAL CLASSIFICATION NUMBER | |
| Classification number | 370.15 |
| Item number | CHA |
| 100 1# - MAIN ENTRY--PERSONAL NAME | |
| Personal name | Charles, C.M |
| 245 13 - TITLE STATEMENT | |
| Title | La discipline en classe. Modèles, doctrines et conduites. |
| Statement of responsibility, etc. | C.M Charles |
| 260 ## - PUBLICATION, DISTRIBUTION, ETC. | |
| Place of publication, distribution, etc. | Bruxelles |
| Name of publisher, distributor, etc. | De Boeck |
| Date of publication, distribution, etc. | 2005 |
| 300 ## - PHYSICAL DESCRIPTION | |
| Extent | 349 p. |
| Dimensions | 24 cm |
| 490 0# - SERIES STATEMENT | |
| Series statement | Pratiques pédagogiques |
| 500 ## - GENERAL NOTE | |
| General note | Tables des matières, bibliographie, annexes. |
| 520 ## - SUMMARY, ETC. | |
| Summary, etc. | D'éminents spécialistes proposent ici de judicieux conseils pour réduire la fréquence des comportements gênant l'apprentissage en classe et constituant ainsi une source de stress pour l'enseignant comme pour les élèves.Au-delà d'une analyse des modèles de discipline les plus importants, l'auteur propose encore de nombreuses informations pratiques sur des sujets concrets, comme l'aménagement de la salle de classe ou l'adaptation d'un système de discipline, pour prendre en compte dé cette façon les préférences de l'enseignant, les caractéristiques de l'école ou encore les besoins spécifiques des élèves. L'ouvrage fourmille également de suggestions utiles sur la façon de procéder pour élaborer soi-même un système de discipline.Les étudiants en science de l'éducation ou en psychopédagogie ainsi que les enseignants en poste trouveront ici des méthodes appropriées pour acquérir et développer une ambiance de travail dans la classe. |
| 650 4# - SUBJECT ADDED ENTRY--TOPICAL TERM | |
| Topical term or geographic name entry element | Sciences de l'éducation |
| 650 4# - SUBJECT ADDED ENTRY--TOPICAL TERM | |
| Topical term or geographic name entry element | Psychopédagogie |
| 650 4# - SUBJECT ADDED ENTRY--TOPICAL TERM | |
| Topical term or geographic name entry element | Discipline scolaire |
| 650 4# - SUBJECT ADDED ENTRY--TOPICAL TERM | |
| Topical term or geographic name entry element | Gestion de la classe |
| 650 4# - SUBJECT ADDED ENTRY--TOPICAL TERM | |
| Topical term or geographic name entry element | Comportement |
| 650 4# - SUBJECT ADDED ENTRY--TOPICAL TERM | |
| Topical term or geographic name entry element | Affirmation de soi |
| 650 4# - SUBJECT ADDED ENTRY--TOPICAL TERM | |
| Topical term or geographic name entry element | Enseignement |
| 942 ## - ADDED ENTRY ELEMENTS (KOHA) | |
| Koha item type | Books |
| Withdrawn status | Lost status | Source of classification or shelving scheme | Damaged status | Not for loan | Home library | Current library | Shelving location | Date acquired | Source of acquisition | Cost, normal purchase price | Total Checkouts | Full call number | Barcode | Date last seen | Copy number | Price effective from | Koha item type |
|---|---|---|---|---|---|---|---|---|---|---|---|---|---|---|---|---|---|
| Dewey Decimal Classification | مكتب الاعداد والتدريب - الدكوانه | مكتب الاعداد والتدريب - الدكوانه | Standard Shelving Location | 07/28/2016 | 371.2 CHA | CRD312 | 07/28/2016 | 2 | 07/28/2016 | Books | |||||||
| Dewey Decimal Classification | مكتب الاعداد والتدريب - الدكوانه | مكتب الاعداد والتدريب - الدكوانه | Standard Shelving Location | 07/28/2016 | 371.2 CHA | CRD483 | 07/28/2016 | 2 | 07/28/2016 | Books | |||||||
| Dewey Decimal Classification | مكتبة دار المعلمين و المعلمات - النبطية | مكتبة دار المعلمين و المعلمات - النبطية | Salle de Lecture | 04/04/2009 | Ambassade de France | 0.00 | 371.5 CHA | CRN2597 | 07/28/2016 | 1 | 07/28/2016 | Books | |||||
| Dewey Decimal Classification | مكتبة دار المعلمين و المعلمات - بئر حسن | مكتبة دار المعلمين و المعلمات - بئر حسن | Salle de Lecture | 11/24/2008 | Ambassade de France | 0.00 | 371.5 Cha | CRB2534 | 07/27/2016 | 1 | 07/27/2016 | Books | |||||
| Dewey Decimal Classification | مكتبة دار المعلمين و المعلمات - جونية | مكتبة دار المعلمين و المعلمات - جونية | Salle de Lecture | 03/11/2008 | Ambassade de France | 0.00 | 371.3 CHA. | CRJ2570 | 07/27/2016 | 1 | 07/27/2016 | Books | |||||
| Dewey Decimal Classification | مكتبة دار المعلمين و المعلمات - زحلة | مكتبة دار المعلمين و المعلمات - زحلة | Salle de Lecture | 04/15/2008 | Amb. de France | 38.00 | 370.15 CHA | CRZ2842 | 07/27/2016 | 1 | 07/27/2016 | Books | |||||
| Dewey Decimal Classification | مكتبة دار المعلمين و المعلمات - صيدا | مكتبة دار المعلمين و المعلمات - صيدا | Salle de Lecture | 08/26/2008 | Ambassade de France | 0.00 | 371.5 CHA | CRS2653 | 07/28/2016 | 1 | 07/28/2016 | Books | |||||
| Dewey Decimal Classification | مكتبة دار المعلمين و المعلمات - طرابلس | مكتبة دار المعلمين و المعلمات - طرابلس | Salle de Lecture | 06/16/2009 | Ambassade de France | 0.00 | 371.5 CHA | CRT3138 | 07/27/2016 | 1 | 07/27/2016 | Books |